Name 50 Gastrointestinal diseases from their symptoms - Statistics

General Stats
  • This quiz has been taken 12 times
  • The average score is 2 of 50
Answer Stats
No Symptoms Answer % Correct
1 Dysphagia (Both solids and liquids from start) Achalasia
60%
2 Dysphagia Esophageal cancer
40%
34 RUQ pain and tenderness (+/- right shoulder) Acute Cholecystitis
20%
3 Heartburn or Dyspepsia or Chest Pain Esophagitis
20%
22 Rectal Bleeding Ulcerative Colitis
20%
14 Weakness and Fatigue Celiac disease
10%
23 Weight loss and Anorexia Colorectal Cancer
10%
18 Diarrhea Crohn's disease
10%
20 Left iliac fossa pain and tenderness Diverticulitis
10%
33 RUQ pain (colicky) - worse postprandially (fat) Gallstone
10%
11 Dyspepsia Gastric Cancer
10%
19 Diarrhea Gastroenteritis
10%
21 Altered Bowel habits (Constipation, diarrhea, postprandial urgency) Irritable Bowel syndrome
10%
24 Abdominal Pain ("severe" and constant) Acute Mesenteric Ischemia
0%
42 Epigastric pain - severe Acute Pancreatitis
0%
28 Dyspnea Alpha-1 antitrypsin deficiency
0%
43 RUQ pain - mild (increase with coughing or walking) Amebic Liver Abscess
0%
17 GI Bleeding Angiodysplasia
0%
29 Symptoms of CLD Autoimmune Hepatits
0%
30 Diarrhea (chronic) Bile Acid Malabsorption
0%
31 Abdominal pain (severe and sudden) Budd-Chiari syndrome
0%
32 Flushing Carcinoid tumor
0%
41 Itching Cholangiocarcinoma
0%
36 RUQ pain Cholangitis
0%
25 Abdominal Pain (postprandial) Chronic Mesenteric Ischemia
0%
10 Severe nausea and vomiting Cyclic Vomiting syndrome
0%
35 RUQ pain Gallbladder abscess
0%
37 Hyperbilirubinemia (Unconjugated - Not in urine) Gilbert syndrome
0%
7 Intermittent Dysphagia (painless and relieved by swallowing) Globus Pharyngis
0%
38 Arthralgia Hemochromatosis
0%
39 (in the background of liver disease) Personality Changes (confusion/delusions/depression/disordered speech or behavior) Hepatic encephalopathy
0%
44 RUQ pain Hepatocellular Carcinoma
0%
9 Severe Vomiting - Hematemesis Mallory Weiss syndrome
0%
6 Dysphagia (Both Solids and Liquids) Myasthenia Gravis
0%
45 Hepatomegaly NASH
0%
27 Jaundice Pancreatic Cancer
0%
12 Lethargy Pernicious Anemia
0%
15 GI bleeding Peutz-Jeghers syndrome
0%
8 Dysphagia (solids) Plummer Vinson syndrome
0%
46 Fatigue Primary Biliary Cirrhosis
0%
47 Inflammatory Bowel Disease Primary Sclerosing Cholangitis
0%
48 RUQ Pain and Tenderness Pyogenic Liver Abscess
0%
49 Ascites SBP
0%
5 Esophageal dysmotility Systemic Sclerosis
0%
26 Occult bleeding Villous adenoma
0%
40 Nausea and Vomiting Viral Hepatitis
0%
16 Arthralgia (large joints) Whipple's disease
0%
50 Jaundice Wilson's disease
0%
4 Dysphagia Zenker's Diverticulum
0%
13 Diarrhea ZES
0%
No matching quizzes found
Score Distribution
Percent of People with Each Score
Percentile by Number Answered
Your Score History
You have not taken this quiz